00727nam a2200193 a 450000100100000000500170001000800410002702000200006804000250008804100080011310000250012124500840014626000370023030000500026750000210031750400730033895201050041199900170051600004301620201002040556.0140217s2006 xxu 000 0 spa d a139780739479940 aDO-SdBNPbspacBNPHU17aeng1 aScotti, R. A.97053710aBasilica :bthe splendor and the scandal : building St. Peter's /cR.A. Scotti. aNew York :bViking, cop.,c2006. axx, 299 p., [8] h. de lám. :bil. ;c22 cm. aIncluye índice aIncluye referencias bibliográficas y notas al pie de las páginas 001050718MOaGRbGRcCTd2014-02-17iLF1l0o p43016-10r2020-06-25w2020-06-25y1ZNo se presta c42505d42505